[Event "Olimpiada Calviá 2004"]
[Site "Calviá ESP"]
[Date "2004.10.22"]
[Round "7.44"]
[White "Weber, Jean-Marie"]
[Black "Mukabi, John"]
[Result "1-0"]
[WhiteElo "2232"]
[BlackElo "2105"]
[PlyCount "101"]
[EventDate "2004.10.15"]
[EventType "team"]
[EventRounds "14"]
[EventCountry "ESP"]
[Source "lmi"]
[SourceDate "2004.10.27"]

1. d4 d5 2. c4 e6 3. Nc3 Nf6 4. Bg5 Be7 5. cxd5 exd5 6. e3 O-O 7. Qc2 Be6 8.
Bd3 Nbd7 9. Nge2 c5 10. O-O c4 11. Bf5 Bxf5 12. Qxf5 a6 13. a4 h6 14. Bf4 Qa5
15. e4 g6 16. Qh3 dxe4 17. Nxe4 h5 18. N2c3 Rfe8 19. Rfe1 Qb6 20. Re2 Bb4 21.
Nxf6+ Nxf6 22. Be5 Bxc3 23. Qxc3 Qc6 24. Rc2 Rac8 25. a5 Nd5 26. Qd2 Kh7 27. h3
f6 28. Bg3 Qb5 29. Bd6 Re4 30. Rac1 c3 31. bxc3 Qxa5 32. Qd3 Rce8 33. Rb2 b5
34. c4 Nf4 35. Bxf4 Rxf4 36. c5 Re1+ 37. Rxe1 Qxe1+ 38. Kh2 Rxf2 39. Qg3 Rf1
40. Qxe1 Rxe1 41. d5 Rd1 42. d6 Kg7 43. Ra2 Kf7 44. Rxa6 Ke6 45. Ra7 Kd5 46.
Rc7 b4 47. d7 Ke6 48. c6 b3 49. Rb7 Ke7 50. Rxb3 Rc1 51. Re3+ 1-0

[Event "Olimpiada Calviá 2004"]
[Site "Calviá ESP"]
[Date "2004.10.22"]
[Round "7.45"]
[White "Canda, Danilo"]
[Black "Thamtavatvorn, Taweechai"]
[Result "1/2-1/2"]
[WhiteElo "2335"]
[BlackElo "2214"]
[PlyCount "69"]
[EventDate "2004.10.15"]
[EventType "team"]
[EventRounds "14"]
[EventCountry "ESP"]
[Source "lmi"]
[SourceDate "2004.10.27"]

1. e4 d6 2. d4 Nf6 3. Nc3 g6 4. f4 Bg7 5. Nf3 O-O 6. Bd3 Nc6 7. e5 dxe5 8. dxe5
Nd5 9. O-O Nxc3 10. bxc3 Bf5 11. Bxf5 gxf5 12. Be3 Qc8 13. Nd4 Na5 14. Qd3 e6
15. Qb5 b6 16. Nb3 Nb7 17. Rad1 c6 18. Qc4 c5 19. Qb5 Rd8 20. Rxd8+ Qxd8 21.
Qe2 Qc7 22. Rd1 Rd8 23. Rxd8+ Nxd8 24. Nd2 Nc6 25. Qd3 Qd8 26. Qxd8+ Nxd8 27.
Kf2 Nc6 28. Ke2 f6 29. exf6 Bxf6 30. Kd3 Kf7 31. Nf3 Ke7 32. Bd2 Kd6 33. Be1
Kd5 34. c4+ Kd6 35. c3 1/2-1/2

[Event "Olimpiada Calviá 2004"]
[Site "Calviá ESP"]
[Date "2004.10.22"]
[Round "7.45"]
[White "Srivachirawat, Kannapon"]
[Black "Davila, Carlos"]
[Result "1/2-1/2"]
[WhiteElo "2166"]
[BlackElo "2339"]
[PlyCount "75"]
[EventDate "2004.10.15"]
[EventType "team"]
[EventRounds "14"]
[EventCountry "ESP"]
[Source "lmi"]
[SourceDate "2004.10.27"]

1. d4 Nf6 2. Nf3 c5 3. e3 g6 4. Bd3 Bg7 5. O-O O-O 6. c3 Qc7 7. Nbd2 d6 8. Re1
Nbd7 9. e4 a6 10. a4 b6 11. h3 cxd4 12. cxd4 e5 13. d5 Nc5 14. Qc2 Qb8 15. b4
Nxd3 16. Qxd3 Bd7 17. Nb1 b5 18. a5 Rc8 19. Bd2 Ra7 20. Na3 Rac7 21. Rac1 Nh5
22. Rxc7 Rxc7 23. Rc1 f5 24. Rxc7 Qxc7 25. Ng5 Nf4 26. Bxf4 exf4 27. Ne6 Qc1+
28. Kh2 Be5 29. exf5 Kf7 30. Nc2 Qb1 31. h4 Kf6 32. fxg6 hxg6 33. h5 gxh5 34.
Qh7 Bxe6 35. Qh6+ Ke7 36. Qxe6+ Kd8 37. Qg8+ Ke7 38. Qe6+ 1/2-1/2

[Event "Olimpiada Calviá 2004"]
[Site "Calviá ESP"]
[Date "2004.10.22"]
[Round "7.45"]
[White "Sirias, Danilo"]
[Black "Theerapabpaisit, Wisuwat"]
[Result "1-0"]
[WhiteElo "2285"]
[BlackElo "2277"]
[PlyCount "121"]
[EventDate "2004.10.15"]
[EventType "team"]
[EventRounds "14"]
[EventCountry "ESP"]
[Source "lmi"]
[SourceDate "2004.10.27"]

1. e4 c5 2. Nc3 e6 3. Nge2 d5 4. exd5 exd5 5. d4 Be6 6. g3 Nc6 7. Bg2 cxd4 8.
Nxd4 Bb4 9. O-O Nxd4 10. Qxd4 Bxc3 11. Qxc3 Nf6 12. Bg5 Rc8 13. Bxf6 Qxf6 14.
Qxf6 gxf6 15. c3 Ke7 16. Rfd1 Rhd8 17. Rd4 b5 18. Rad1 Rc4 19. Bf1 Rxd4 20.
Rxd4 Rb8 21. Bd3 h6 22. a3 a6 23. Kg2 Kd6 24. Kf3 Ke5 25. Ke3 Rh8 26. Bc2 Bh3
27. Bb3 Be6 28. f4+ Kd6 29. f5 Bc8 30. Rxd5+ Kc7 31. Rd4 Bxf5 32. Bxf7 Rf8 33.
Kf4 Bd7 34. Bg6 Rg8 35. Bf5 Bc6 36. Rd3 a5 37. Re3 Rd8 38. Re7+ Kb6 39. Re6 Kc7
40. Ke3 Rd1 41. Rxf6 Rf1 42. Ke2 Rg1 43. Ke3 Rf1 44. Rf7+ Kb6 45. Bg6 Re1+ 46.
Kd2 Rh1 47. Rf2 a4 48. Ke3 Bd5 49. Kd4 Rd1+ 50. Ke5 Kc5 51. Kf6 Kc4 52. Kg7 Re1
53. Kxh6 Kb3 54. g4 Bc4 55. g5 Re7 56. Bf5 Rf7 57. g6 Rxf5 58. Rxf5 Kxb2 59. g7
Kxa3 60. Rxb5 Ka2 61. Rb4 1-0

[Event "Olimpiada Calviá 2004"]
[Site "Calviá ESP"]
[Date "2004.10.22"]
[Round "7.45"]
[White "Jiravorasuk, Banjuab"]
[Black "Puhiera, Roger"]
[Result "1/2-1/2"]
[WhiteElo "2323"]
[BlackElo "2144"]
[PlyCount "76"]
[EventDate "2004.10.15"]
[EventType "team"]
[EventRounds "14"]
[EventCountry "ESP"]
[Source "lmi"]
[SourceDate "2004.10.27"]

1. e4 d6 2. d4 Nf6 3. Nc3 g6 4. Be3 c6 5. Qd2 h5 6. f3 b5 7. Bd3 a6 8. Nge2 Bg7
9. Nd1 Nbd7 10. c3 e5 11. O-O Qc7 12. Nf2 d5 13. Rae1 O-O 14. Bh6 Re8 15. Bxg7
Kxg7 16. exd5 Nxd5 17. Ng3 N7f6 18. Qg5 exd4 19. Nxh5+ Nxh5 20. Rxe8 dxc3 21.
bxc3 Nhf6 22. Ree1 Nxc3 23. Qd2 Ncd5 24. Ne4 c5 25. Nxf6 Nxf6 26. Qc3 Be6 27.
g4 c4 28. Be4 Rh8 29. Rf2 Qc5 30. Qe3 Nxe4 31. Qxe4 Rxh2 32. Kxh2 Qxf2+ 33. Kh3
Bd5 34. Qe5+ Kh7 35. Qxd5 Qxe1 36. Qxf7+ Kh6 37. Qf8+ Kh7 38. Qf7+ Kh6 1/2-1/2

[Event "Olimpiada Calviá 2004"]
[Site "Calviá ESP"]
[Date "2004.10.22"]
[Round "7.46"]
[White "Guillen Ramirez, Jose Antonio"]
[Black "Ermenkov, Evgenij"]
[Result "1/2-1/2"]
[WhiteElo "2301"]
[BlackElo "2454"]
[PlyCount "118"]
[EventDate "2004.10.15"]
[EventType "team"]
[EventRounds "14"]
[EventCountry "ESP"]
[Source "lmi"]
[SourceDate "2004.10.27"]

1. d4 Nf6 2. c4 g6 3. Nc3 Bg7 4. e4 d6 5. f3 O-O 6. Be3 a6 7. Qd2 Nbd7 8. Bd3
c5 9. Nge2 e6 10. O-O Re8 11. Rac1 b6 12. a4 cxd4 13. Bxd4 Bb7 14. Rfd1 Ne5 15.
b3 Nxd3 16. Qxd3 Bf8 17. Kh1 Nd7 18. Bf2 Qc7 19. Bg3 Nc5 20. Qb1 Be7 21. Rd2
Nd7 22. Bxd6 Bxd6 23. Rcd1 Bxh2 24. Rxd7 Qe5 25. Rxb7 Qh5 26. Ng1 Be5+ 27. Nh3
Bxc3 28. Rdd7 Rf8 29. Qc1 Be5 30. Rxb6 h6 31. Rbb7 g5 32. Qd1 Qh4 33. Kg1 a5
34. Nf2 Qh2+ 35. Kf1 h5 36. Rb5 Bf4 37. c5 Rfc8 38. Rbb7 Rf8 39. c6 Rac8 40.
Rxf7 Rxf7 41. Rxf7 Rxc6 42. Qd8+ Kxf7 43. Qd7+ Kf6 44. Qxc6 Bc7 45. Qe8 Be5 46.
Qd8+ Kg6 47. Qg8+ Kf6 48. Qf8+ Kg6 49. Qe7 Bf6 50. Qxe6 Qc7 51. Qd5 Qc3 52.
Qg8+ Kh6 53. Qd5 Bd4 54. Qe6+ Kg7 55. Qe7+ Kg6 56. Qe6+ Kg7 57. Qd7+ Kg6 58.
Qf5+ Kh6 59. Qe6+ Kg7 1/2-1/2

[Event "Olimpiada Calviá 2004"]
[Site "Calviá ESP"]
[Date "2004.10.22"]
[Round "7.46"]
[White "Moussa, Alaa-Eddine"]
[Black "Medina Colindres, Javier"]
[Result "1-0"]
[WhiteElo "2188"]
[BlackElo "2213"]
[PlyCount "101"]
[EventDate "2004.10.15"]
[EventType "team"]
[EventRounds "14"]
[EventCountry "ESP"]
[Source "lmi"]
[SourceDate "2004.10.27"]

1. d4 d6 2. e4 Nf6 3. Nc3 Nc6 4. Be3 e5 5. d5 Nb8 6. f3 Be7 7. Nge2 c6 8. Qd2
Qa5 9. g4 b5 10. g5 Nfd7 11. dxc6 Nxc6 12. Nd5 Qxd2+ 13. Bxd2 Bd8 14. O-O-O Nb6
15. Nec3 a6 16. Nxb6 Bxb6 17. Nd5 Bd8 18. Be3 Be6 19. h4 Ne7 20. Nb4 Bc7 21.
Nxa6 Rxa6 22. Bxb5+ Rc6 23. Rd3 Kd7 24. b3 Rb8 25. a4 Kc8 26. h5 Kb7 27. g6
fxg6 28. Bg5 Ng8 29. Bxc6+ Kxc6 30. hxg6 h6 31. Bh4 Ba5 32. Rhd1 Bb4 33. Kb2
Bc5 34. R3d2 Bd4+ 35. Ka3 Rb7 36. b4 Kc7 37. c3 Be3 38. Rxd6 Bc1+ 39. Rxc1 Kxd6
40. c4 Nf6 41. Rd1+ Kc6 42. Bf2 Rd7 43. b5+ Kc7 44. Rxd7+ Nxd7 45. Kb4 h5 46.
c5 Bh3 47. Bg3 Bf1 48. c6 Nf8 49. Bxe5+ Kb6 50. a5+ Ka7 51. b6+ 1-0

[Event "Olimpiada Calviá 2004"]
[Site "Calviá ESP"]
[Date "2004.10.22"]
[Round "7.46"]
[White "Urbina, Ricardo"]
[Black "Kayle, Charles"]
[Result "1/2-1/2"]
[WhiteElo "2247"]
[BlackElo "2036"]
[PlyCount "63"]
[EventDate "2004.10.15"]
[EventType "team"]
[EventRounds "14"]
[EventCountry "ESP"]
[Source "lmi"]
[SourceDate "2004.10.27"]

1. e4 c5 2. Nf3 e6 3. d4 cxd4 4. Nxd4 a6 5. Nc3 b5 6. Bd3 Qb6 7. Nb3 Qc7 8. O-O
Nf6 9. Kh1 Bb7 10. a3 Be7 11. f4 d6 12. Qe2 Nbd7 13. Be3 O-O 14. Rf3 Rfe8 15.
Raf1 Rac8 16. Rg3 Bf8 17. Bd4 e5 18. fxe5 dxe5 19. Be3 Kh8 20. Bg5 Be7 21. Nd1
Nf8 22. Ne3 Ne6 23. Nf5 Nxe4 24. Bxe4 Nxg5 25. Bxb7 Qxb7 26. Nxg7 Kxg7 27.
Qxe5+ Kg8 28. h4 Qc7 29. Rxg5+ Bxg5 30. Qxg5+ Kf8 31. Qh6+ Kg8 32. Qg5+ 1/2-1/2

[Event "Olimpiada Calviá 2004"]
[Site "Calviá ESP"]
[Date "2004.10.22"]
[Round "7.47"]
[White "Sebbar, Ali"]
[Black "Zhidkov, Valery S"]
[Result "1-0"]
[WhiteElo "2116"]
[BlackElo "2394"]
[PlyCount "48"]
[EventDate "2004.10.15"]
[EventType "team"]
[EventRounds "14"]
[EventCountry "ESP"]
[Source "lmi"]
[SourceDate "2004.10.27"]

1. e4 g6 2. d4 Bg7 3. Nf3 d6 4. Be2 Bg4 5. O-O Nc6 6. d5 Bxf3 7. Bxf3 Ne5 8.
Be2 Nf6 9. f4 Ned7 10. Bf3 c6 11. c4 Qb6+ 12. Kh1 O-O 13. Qe2 cxd5 14. cxd5 Nc5
15. Nc3 Nfd7 16. Be3 a6 17. e5 Qb4 18. Rac1 Qa5 19. e6 Nb6 20. f5 fxe6 21. fxg6
exd5 22. Nxd5 Nxd5 23. Bxd5+ e6 24. Qh5 hxg6 1-0

[Event "Olimpiada Calviá 2004"]
[Site "Calviá ESP"]
[Date "2004.10.22"]
[Round "7.47"]
[White "Talla, Vladimir"]
[Black "Naciri, Zouhir"]
[Result "1/2-1/2"]
[WhiteElo "2385"]
[BlackElo "2170"]
[PlyCount "137"]
[EventDate "2004.10.15"]
[EventType "team"]
[EventRounds "14"]
[EventCountry "ESP"]
[Source "lmi"]
[SourceDate "2004.10.27"]

1. c4 e6 2. g3 d5 3. Bg2 c6 4. Nf3 f5 5. O-O Nf6 6. d3 Bd6 7. Nc3 O-O 8. cxd5
exd5 9. e4 fxe4 10. dxe4 Bb4 11. exd5 Bxc3 12. bxc3 Nxd5 13. Ba3 Re8 14. c4 Nb6
15. Qc2 Be6 16. Rad1 N8d7 17. Nd2 Bg4 18. f3 Be6 19. f4 Bg4 20. Rde1 Nf6 21.
Nb3 Qd7 22. Bb2 Rxe1 23. Rxe1 Re8 24. Be5 Bf5 25. Qc3 Qd3 26. Nc5 Qxc3 27. Bxc3
Rxe1+ 28. Bxe1 Bc8 29. Bf1 Nbd7 30. Nb3 Kf7 31. Bd3 b6 32. Bc3 c5 33. Nd2 Bb7
34. h3 Bc6 35. Kf2 a6 36. Nf3 h6 37. Ke3 b5 38. g4 Ne8 39. Ne5+ Nxe5 40. Bxe5
Ke6 41. h4 Nf6 42. Bf5+ Kf7 43. g5 hxg5 44. fxg5 Bd7 45. g6+ Kg8 46. Bd3 Ng4+
47. Kf4 Be6 48. Bd6 bxc4 49. Bc2 Nf2 50. Ke5 Bg4 51. Kd5 Be2 52. Bxc5 Bd3 53.
Ba4 Ne4 54. Bb4 Ng3 55. Kd4 Bxg6 56. Be1 Nf5+ 57. Kxc4 Bf7+ 58. Kc5 Bxa2 59.
Bc2 Ne3 60. Bd3 Ng2 61. Bg3 Ne3 62. Bxa6 Nf5 63. Bf2 Bb1 64. Kd5 Kf7 65. Ke5
Kg6 66. Kf4 Bc2 67. Bb5 Nd6 68. Be2 Kf7 69. Bc5 1/2-1/2

[Event "Olimpiada Calviá 2004"]
[Site "Calviá ESP"]
[Date "2004.10.22"]
[Round "7.48"]
[White "Matthews, Shane"]
[Black "Juarez Flores, Roberto"]
[Result "1/2-1/2"]
[WhiteElo "2251"]
[BlackElo "2207"]
[PlyCount "132"]
[EventDate "2004.10.15"]
[EventType "team"]
[EventRounds "14"]
[EventCountry "ESP"]
[Source "lmi"]
[SourceDate "2004.10.27"]

1. e4 d6 2. d4 Nf6 3. Nc3 g6 4. Be3 c6 5. Qd2 b5 6. f3 Nbd7 7. g4 Qa5 8. g5 Nh5
9. d5 b4 10. dxc6 bxc3 11. cxd7+ Bxd7 12. Qxc3 Qxc3+ 13. bxc3 Bg7 14. Kd2 O-O
15. Ba6 Bc6 16. Ne2 d5 17. Nd4 Bxd4 18. cxd4 dxe4 19. f4 Rfd8 20. Rhb1 Ng7 21.
Rb4 Nf5 22. Bf2 Kg7 23. Re1 h6 24. gxh6+ Kxh6 25. c3 Rd6 26. Bf1 Rc8 27. Reb1
Kg7 28. Rb8 Rdd8 29. Rxc8 Rxc8 30. Rb4 Rh8 31. h3 Rh5 32. c4 e6 33. Rb8 g5 34.
fxg5 Rxg5 35. Rc8 e3+ 36. Bxe3 Nxe3 37. Kxe3 Bg2 38. Bxg2 Rxg2 39. c5 Rxa2 40.
c6 Rc2 41. Kd3 Rc1 42. Kd2 Rc4 43. Kd3 Rc1 44. Ke4 Re1+ 45. Kf4 Kf6 46. h4 e5+
47. dxe5+ Rxe5 48. c7 Rc5 49. h5 Kg7 50. Ke4 a5 51. h6+ Kh7 52. Kd4 Rc1 53. Kd5
a4 54. Kd6 Rd1+ 55. Kc6 Rc1+ 56. Kb6 Rb1+ 57. Ka5 Rc1 58. Kxa4 f5 59. Kb5 f4
60. Kb6 Rb1+ 61. Kc6 Rc1+ 62. Kd6 Rd1+ 63. Ke5 Rc1 64. Kxf4 Rf1+ 65. Ke3 Rc1
66. Kd2 Rc6 1/2-1/2

[Event "Olimpiada Calviá 2004"]
[Site "Calviá ESP"]
[Date "2004.10.22"]
[Round "7.48"]
[White "Reyes Najera, Carlos A"]
[Black "Rowe, Duane"]
[Result "1/2-1/2"]
[WhiteElo "2186"]
[BlackElo "2197"]
[PlyCount "126"]
[EventDate "2004.10.15"]
[EventType "team"]
[EventRounds "14"]
[EventCountry "ESP"]
[Source "lmi"]
[SourceDate "2004.10.27"]

1. d4 Nf6 2. c4 e6 3. Nf3 c5 4. d5 exd5 5. cxd5 d6 6. Nc3 g6 7. e4 a6 8. a4 Bg4
9. Qb3 Bxf3 10. Qxb7 Nbd7 11. gxf3 Bg7 12. Qb3 Nh5 13. Be2 Qh4 14. Be3 O-O 15.
Qc2 Rfb8 16. Qd2 Bd4 17. O-O-O Rb4 18. Kc2 Rab8 19. Rb1 Ne5 20. Bxa6 Nxf3 21.
Qe2 Qf6 22. Bb5 c4 23. Rhd1 Rxb2+ 24. Rxb2 Bxc3 25. Ra2 Rc8 26. Ba6 Ra8 27.
Qxc4 Ba5 28. Bb5 Nf4 29. Kb1 Ne5 30. Qc2 g5 31. Rc1 Rb8 32. Rb2 Nf3 33. Ka2 Nd4
34. Qb1 Ra8 35. Bc6 Rf8 36. Rb8 Nde2 37. Rxf8+ Kxf8 38. Qb8+ Kg7 39. Qb2 Qxb2+
40. Kxb2 Nd3+ 41. Kb1 Nexc1 42. Bxc1 Nxf2 43. Bxg5 Nxe4 44. Be3 Kf6 45. Bd4+
Kf5 46. Kc2 Nc5 47. Bf2 Ne4 48. Bd4 Nc5 49. Bxc5 dxc5 50. Kd3 Ke5 51. Kc4 Kd6
52. Kb5 Be1 53. a5 Bxa5 54. Kxa5 f5 55. Kb5 f4 56. Kc4 f3 57. Kd3 c4+ 58. Ke3
c3 59. Ba4 Kxd5 60. Kxf3 Ke5 61. Kg4 Kf6 62. Bc2 Kg7 63. Kg5 Kh8 1/2-1/2

[Event "Olimpiada Calviá 2004"]
[Site "Calviá ESP"]
[Date "2004.10.22"]
[Round "7.48"]
[White "Porter, Russel"]
[Black "Figueroa, Marco"]
[Result "0-1"]
[WhiteElo "2176"]
[BlackElo "2126"]
[PlyCount "98"]
[EventDate "2004.10.15"]
[EventType "team"]
[EventRounds "14"]
[EventCountry "ESP"]
[Source "lmi"]
[SourceDate "2004.10.27"]

1. c4 c5 2. Nf3 b6 3. Nc3 Bb7 4. e4 d6 5. d4 cxd4 6. Nxd4 Nf6 7. f3 e6 8. Be3
Be7 9. Qd2 a6 10. Be2 Nbd7 11. Rc1 Rc8 12. O-O O-O 13. Rfd1 Re8 14. Nc2 Qc7 15.
Qe1 Qb8 16. Qf2 Bd8 17. Kh1 Bc7 18. Qh4 Ne5 19. Qf2 Ned7 20. Qg1 Qa8 21. Qf2
Qb8 22. Qg1 Kh8 23. Rd2 Rg8 24. Bd4 g5 25. Qf2 Rg6 26. Na4 d5 27. e5 Bxe5 28.
Bxe5 Qxe5 29. Rcd1 Rh6 30. g3 dxc4 31. Kg1 Qb5 32. b3 Qc6 33. Nb4 Qb5 34. Nc2
Ng4 35. Qd4+ Ndf6 36. Bxc4 Qc6 37. Ne1 b5 38. Nb6 Rg8 39. Bd3 e5 40. Qb2 Qxb6+
41. Kh1 Nf2+ 42. Kg2 Nxd1 43. Rxd1 Qe6 44. Kg1 g4 45. Bc2 Qb6+ 46. Kg2 Rxh2+
47. Kxh2 Qf2+ 48. Ng2 gxf3 49. Rg1 Qxg3+ 0-1

[Event "Olimpiada Calviá 2004"]
[Site "Calviá ESP"]
[Date "2004.10.22"]
[Round "7.48"]
[White "Juarez Flores, Guillermo J"]
[Black "Lorne, Malaku"]
[Result "1-0"]
[WhiteElo "2221"]
[BlackElo "2110"]
[PlyCount "103"]
[EventDate "2004.10.15"]
[EventType "team"]
[EventRounds "14"]
[EventCountry "ESP"]
[Source "lmi"]
[SourceDate "2004.10.27"]

1. e4 c6 2. d4 d5 3. Nc3 dxe4 4. Nxe4 Nd7 5. Ng5 Ngf6 6. Bd3 e6 7. N1f3 h6 8.
Ne4 Nxe4 9. Bxe4 Nf6 10. Bd3 Bd6 11. O-O Qc7 12. Qe2 b6 13. Ne5 Bb7 14. b3
O-O-O 15. Ba6 c5 16. Bxb7+ Qxb7 17. dxc5 Bxc5 18. Bb2 Kb8 19. a4 Bd4 20. Bxd4
Rxd4 21. f3 Rhd8 22. Qb5 R8d6 23. Nc4 R6d5 24. Qb4 Rd8 25. a5 Nd5 26. Qe1 b5
27. a6 Qc7 28. Ne5 f6 29. Nd3 e5 30. Ra5 Nc3 31. b4 e4 32. fxe4 Rxe4 33. Rxb5+
Ka8 34. Rb7 Rxe1 35. Rxc7 Rxf1+ 36. Kxf1 Nd5 37. Rc5 Kb8 38. Ke2 Nc7 39. Rc6
Kc8 40. Nc5 Re8+ 41. Kd3 Kd8 42. c4 f5 43. Rd6+ Kc8 44. b5 Na8 45. Rd7 Rd8 46.
Rxd8+ Kxd8 47. Ne6+ Ke7 48. Nxg7 Kf6 49. Nh5+ Ke5 50. g3 Nb6 51. c5 Nd7 52. Kc4
1-0

[Event "Olimpiada Calviá 2004"]
[Site "Calviá ESP"]
[Date "2004.10.22"]
[Round "7.49"]
[White "Asabri, Hussien"]
[Black "Leong, Mun Wan"]
[Result "1-0"]
[WhiteElo "2286"]
[BlackElo "2205"]
[PlyCount "83"]
[EventDate "2004.10.15"]
[EventType "team"]
[EventRounds "14"]
[EventCountry "ESP"]
[Source "lmi"]
[SourceDate "2004.10.27"]

1. d4 Nf6 2. Nf3 g6 3. c4 Bg7 4. g3 O-O 5. Bg2 d6 6. Nc3 Nc6 7. O-O a6 8. h3
Rb8 9. Be3 Re8 10. d5 Na5 11. Nd2 c5 12. a3 b5 13. cxb5 axb5 14. b4 Nd7 15. Qc2
cxb4 16. axb4 Qc7 17. Rfc1 Nc4 18. Nxb5 Rxb5 19. Ra7 Qb8 20. Nxc4 Nf6 21. Na5
Bf5 22. Qd2 Rxb4 23. Nc6 Rb2 24. Nxb8 Rxd2 25. Bxd2 Rxb8 26. Rxe7 Bf8 27. Ra7
Ne4 28. Be3 Nc5 29. Rca1 Re8 30. Ra8 Bc8 31. R1a7 f5 32. Rc7 Bd7 33. Raa7 Bc8
34. Bxc5 dxc5 35. d6 Bxd6 36. Bd5+ Be6 37. Rc8 Bxd5 38. Rxe8+ Bf8 39. Rc7 Bf7
40. Rb8 Be6 41. Re7 Bf7 42. Rd7 1-0

[Event "Olimpiada Calviá 2004"]
[Site "Calviá ESP"]
[Date "2004.10.22"]
[Round "7.50"]
[White "Pace, Colin"]
[Black "Chau, Sau Ming"]
[Result "0-1"]
[WhiteElo "2145"]
[BlackElo "2230"]
[PlyCount "144"]
[EventDate "2004.10.15"]
[EventType "team"]
[EventRounds "14"]
[EventCountry "ESP"]
[Source "lmi"]
[SourceDate "2004.10.27"]

1. e4 e6 2. d4 d5 3. e5 c5 4. c3 Nc6 5. Nf3 cxd4 6. cxd4 Qb6 7. Bd3 Bd7 8. O-O
Nxd4 9. Nxd4 Qxd4 10. Nc3 a6 11. Qe2 Ne7 12. Kh1 g6 13. f4 Bg7 14. Be3 Qb4 15.
Qf2 Nc6 16. a3 Qe7 17. Bc5 Qd8 18. b4 Bf8 19. Bb6 Qb8 20. b5 Ne7 21. g4 h5 22.
f5 gxf5 23. gxf5 exf5 24. Qd4 Be6 25. Bc2 Bg7 26. Rae1 Qc8 27. Bb3 Qd7 28. Rg1
Bf8 29. Ba4 a5 30. Rc1 Bh6 31. Rc2 Rc8 32. Ne2 Rc4 33. Rxc4 dxc4 34. Qxd7+ Kxd7
35. Rd1+ Bd5+ 36. Kg1 Rg8+ 37. Kf1 Ke6 38. Nc3 Bf4 39. Bc7 Bxh2 40. Ne2 Bxe5
41. Bxa5 h4 42. Re1 Rg4 43. Bd2 Kf6 44. Bd1 h3 45. Nc3 Bg2+ 46. Kf2 Bg3+ 47.
Kg1 Bxe1 48. Bxe1 Bf3+ 49. Kh2 Bxd1 50. Nxd1 Re4 51. Bc3+ Kg6 52. Kxh3 Nd5 53.
Ba5 f4 54. a4 Kf5 55. Kh2 Re2+ 56. Kg1 f3 57. Nf2 c3 58. Nd3 Ne3 59. Bxc3 Nd1
60. Bb4 Ke4 61. Nc5+ Kd5 62. Nxb7 f2+ 63. Kf1 Ne3+ 64. Kxe2 f1=Q+ 65. Kxe3 Qc1+
66. Kf3 Kc4 67. Bd6 Qh1+ 68. Kf4 Qxb7 69. Kf5 Qd5+ 70. Be5 Kb4 71. b6 Qe6+ 72.
Kf4 Qxb6 0-1

[Event "Olimpiada Calviá 2004"]
[Site "Calviá ESP"]
[Date "2004.10.22"]
[Round "7.50"]
[White "Corke, Anya"]
[Black "Cilia Vincenti, David"]
[Result "1-0"]
[WhiteElo "2041"]
[BlackElo "2189"]
[PlyCount "49"]
[EventDate "2004.10.15"]
[EventType "team"]
[EventRounds "14"]
[EventCountry "ESP"]
[Source "lmi"]
[SourceDate "2004.10.27"]

1. d4 d5 2. c4 dxc4 3. e3 e6 4. Bxc4 Nf6 5. Nf3 c5 6. O-O a6 7. a4 Nc6 8. Nc3
Qc7 9. d5 exd5 10. Bxd5 Nb4 11. e4 Be7 12. Qb3 Nfxd5 13. Nxd5 Nxd5 14. exd5 O-O
15. Be3 Bf5 16. Rac1 Rac8 17. Qc4 Qa5 18. d6 Be6 19. dxe7 Bxc4 20. exf8=Q+ Kxf8
21. Rxc4 f6 22. Nd4 Kf7 23. Nb3 Qb6 24. Nxc5 Qxb2 25. Nd3 1-0

[Event "Olimpiada Calviá 2004"]
[Site "Calviá ESP"]
[Date "2004.10.22"]
[Round "7.51"]
[White "Munanira, Isaac"]
[Black "Warner, Delisle"]
[Result "0-1"]
[WhiteElo "2200"]
[BlackElo "2291"]
[PlyCount "92"]
[EventDate "2004.10.15"]
[EventType "team"]
[EventRounds "14"]
[EventCountry "ESP"]
[Source "lmi"]
[SourceDate "2004.10.27"]

1. d4 Nf6 2. c4 e6 3. Nf3 b6 4. a3 Bb7 5. Nc3 d5 6. cxd5 exd5 7. Bf4 Be7 8. e3
O-O 9. Bd3 Nbd7 10. O-O Nh5 11. Bg3 Nxg3 12. hxg3 Nf6 13. Rc1 a6 14. Qe2 Re8
15. Ne5 Bd6 16. f4 c5 17. g4 b5 18. g5 Ne4 19. Bxe4 dxe4 20. Qh5 g6 21. Qh4 h5
22. g4 cxd4 23. Nxf7 Kxf7 24. f5 Rh8 25. fxg6+ Kxg6 26. Rf6+ Qxf6 27. gxf6 dxc3
28. Rxc3 hxg4 29. Qxg4+ Kxf6 30. Qd7 Rag8+ 31. Kf1 Rh1+ 32. Kf2 Bg3+ 33. Ke2
Rh2+ 34. Kd1 Be5 35. Rc6+ Bxc6 36. Qxc6+ Kg5 37. Qd5 Re8 38. Qd7 Rhh8 39. Kc2
Rc8+ 40. Kb3 Rh2 41. Kb4 Rc4+ 42. Ka5 Rh6 43. Qd8+ Rf6 44. Qg8+ Kh4 45. Qh7+
Kg3 46. Qg7+ Kf2 0-1

[Event "Olimpiada Calviá 2004"]
[Site "Calviá ESP"]
[Date "2004.10.22"]
[Round "7.52"]
[White "Mannhart, Marcel"]
[Black "Lodhi, Mahmood"]
[Result "0-1"]
[WhiteElo "2191"]
[BlackElo "2385"]
[PlyCount "156"]
[EventDate "2004.10.15"]
[EventType "team"]
[EventRounds "14"]
[EventCountry "ESP"]
[Source "lmi"]
[SourceDate "2004.10.27"]

1. Nc3 e5 2. Nf3 Nc6 3. d4 exd4 4. Nxd4 Bb4 5. Nxc6 Bxc3+ 6. bxc3 bxc6 7. Qd4
Qf6 8. g3 Qxd4 9. cxd4 Ne7 10. Ba3 d6 11. c4 Ba6 12. e3 O-O 13. Bd3 Rab8 14.
Kd2 Rb7 15. c5 Bxd3 16. cxd6 cxd6 17. Kxd3 Rd8 18. Rhc1 f5 19. f3 Kf7 20. e4
fxe4+ 21. fxe4 Ke6 22. Rf1 Rb6 23. Rf2 Ra6 24. Bb4 Rb8 25. Bc3 Ra3 26. Re1 Ng6
27. Kc4 Ra4+ 28. Kd3 Rf8 29. Rxf8 Nxf8 30. Re2 Nd7 31. Rc2 d5 32. exd5+ cxd5
33. Re2+ Kf7 34. Rb2 Nf6 35. Bb4 Ne4 36. Bc5 Kf6 37. g4 Nxc5+ 38. dxc5 Rxg4 39.
Rc2 Ke7 40. c6 Kd8 41. Rc5 Kc7 42. Ra5 Kb6 43. c7 Rc4 44. Rxd5 Rxc7 45. Rh5 g6
46. Re5 a6 47. Re2 Kb5 48. Re5+ Kb4 49. Re4+ Ka3 50. Re5 Rc6 51. Ra5+ Kb4 52.
Re5 Rc3+ 53. Kd4 Rc2 54. a3+ Ka4 55. h3 a5 56. Re3 h5 57. Rg3 Rc6 58. h4 Rb6
59. Kc4 Rf6 60. Kc5 Re6 61. Kd5 Rb6 62. Kc4 Rc6+ 63. Kd5 Rc1 64. Rh3 Ra1 65.
Kc4 Rxa3 66. Rh1 Ra2 67. Kc3 Rg2 68. Kc4 Rg4+ 69. Kc3 Kb5 70. Kd3 a4 71. Rb1+
Ka5 72. Rh1 a3 73. Kc3 Ka4 74. Kc2 Rb4 75. Rg1 Rb2+ 76. Kc3 Rb6 77. Ra1 Rc6+
78. Kd3 Rf6 0-1

[Event "Olimpiada Calviá 2004"]
[Site "Calviá ESP"]
[Date "2004.10.22"]
[Round "7.52"]
[White "Amir, Karim"]
[Black "Guller, Andras"]
[Result "1-0"]
[WhiteElo "2250"]
[BlackElo "2110"]
[PlyCount "95"]
[EventDate "2004.10.15"]
[EventType "team"]
[EventRounds "14"]
[EventCountry "ESP"]
[Source "lmi"]
[SourceDate "2004.10.27"]

1. d4 Nf6 2. Nf3 e6 3. c4 c5 4. Nc3 cxd4 5. Nxd4 Be7 6. e4 d6 7. Be2 O-O 8. O-O
Nc6 9. Be3 Nxd4 10. Bxd4 e5 11. Be3 Be6 12. h3 a6 13. Qd2 Rc8 14. b3 Qc7 15.
Rac1 Qc6 16. Bf3 Rfd8 17. Rfd1 b6 18. Kh2 Qb7 19. a4 Nd7 20. Bg5 f6 21. Be3 Nc5
22. Qb2 Bf8 23. Qb1 Bf7 24. Bg4 Rb8 25. b4 Nd7 26. Bxd7 Rxd7 27. Nd5 Bxd5 28.
cxd5 b5 29. a5 Rc8 30. Rxc8 Qxc8 31. Bb6 Qc3 32. Rc1 Qd2 33. Be3 Qe2 34. Rc6
Rd8 35. Rxa6 f5 36. exf5 Qc4 37. Rc6 Qxd5 38. Qc2 e4 39. a6 Qe5+ 40. g3 Qe8 41.
a7 d5 42. Bd4 Bxb4 43. Rc7 Bf8 44. f6 gxf6 45. Bxf6 Ra8 46. Qd2 d4 47. Qg5+ Qg6
48. Qd5+ 1-0

[Event "Olimpiada Calviá 2004"]
[Site "Calviá ESP"]
[Date "2004.10.22"]
[Round "7.52"]
[White "Muendle, Kurt"]
[Black "Mirza, Shahzad"]
[Result "0-1"]
[WhiteElo "2016"]
[BlackElo "2279"]
[PlyCount "78"]
[EventDate "2004.10.15"]
[EventType "team"]
[EventRounds "14"]
[EventCountry "ESP"]
[Source "lmi"]
[SourceDate "2004.10.27"]

1. d4 d5 2. Nf3 c6 3. e3 Bf5 4. c4 e6 5. Qb3 Qb6 6. Nc3 Nd7 7. Be2 Ngf6 8. O-O
Bd6 9. Qxb6 axb6 10. Nh4 Bc2 11. cxd5 exd5 12. Bd2 h6 13. Rfc1 Bh7 14. Nf3 O-O
15. Ne1 b5 16. Bd3 Ra7 17. Bxh7+ Kxh7 18. a3 Nb6 19. Nd3 Nc4 20. Be1 Ne4 21.
Rc2 f5 22. Re2 Raa8 23. Nb1 Rfe8 24. Bb4 Bxb4 25. Nxb4 Na5 26. f3 Nb3 27. fxe4
Nxa1 28. Nd2 dxe4 29. Re1 c5 30. dxc5 Red8 31. Nxe4 fxe4 32. Rxa1 Rd2 33. Rb1
Rf8 34. c6 bxc6 35. Nxc6 Rff2 36. g4 Rg2+ 37. Kh1 Rxh2+ 38. Kg1 Rdg2+ 39. Kf1
Rg3 0-1